00866cam a22002651 4500001001300000003000400013005001700017008004100034010001700075035001900092040002000111043001200131050001500143100002100158245008700179260002000266300001800286500001700304500013700321651001400458700003800472700001800510710005500528999001700583sa 65004513 DLC20260227112131.0800709s1963 xx 000 0 eng  asa 65004513  a(OCoLC)6499618 aDLCcNPotUdDLC aa-pk---00aDS383b.M81 aMujahid, Sharif.10aPakistani nationalismc[by] Sharif-al-Mujahid, Munier Chowdhury [and] Hasan Zaman. a[Dacca?c1963?] a39 p.c22 cm. aCover title. a"Issued by the Director of Public Relations, Information Dept., on behalf of the Bureau of National Re-construction, East Pakistan." 0aPakistan.1 aCaudhurī, Munīra,d1925-1971.1 aZaman, Hasan.1 aEast Pakistan (Pakistan).bInformation Department. c63798d63798